00635nam a22001457a 4500041001200000082001600012100001900028245019500047260009500242300000800337650001800345942000700363952010200370999001700472 aENGLISH a270.82bIDI aIdiculla Manoj aAn Ecumenical Journey Towards Transformation: A Festschrift volume in Honour of His Grace the Rt.Revd Dr.Isaac Mar PHiloxenos on the Occasion of the Episcopal Silver Jubilee October 2, 2018  aKeralabDiocese of North America and Europe of the Mar Thoma Church & CSS THiruvallac2018 a380 aEcumenicalism cBK 00104070aHMIbHMIcGENd2019-03-05g300.00l0o270.82 IDIp11-4049r2019-03-05w2019-03-05yBK c22638d22638